Quick Profiles: Mount Rushmore Presidents Quiz Stats

 Plays Quiz Updated Mar 28, 2012

Challenge
Share
Tweet
Embed
Score 0/40 Timer 08:00
2 Plays Today
% Correct
Virginia
91.2%
Virginia
91.2%
Revolutionary War
87%
John Adams
84.5%
Martha Washington
83.5%
John Wilkes Booth
80.2%
1789
79.7%
1865 (Apr. 15)
78.7%
Teddy
77.9%
Louisiana Purchase
76.3%
Declaration of Independence
75.9%
George Washington
75.6%
Gettysburg Address
75.2%
1797
75.1%
1860
75%
1800
73.8%
Kentucky
71.2%
New York
70.4%
French and Indian War
68.7%
Spanish-American War
68.2%
% Correct
1901
67.9%
1799 (Dec. 14)
66.9%
Mary Lincoln
66.7%
Andrew Johnson
66%
Alexander Hamilton
65.8%
1909
64.5%
1826 (July 4)
63.3%
1809 (Feb. 12)
63.2%
Mount Vernon
62.5%
1732 (Feb. 22)
59.3%
William McKinley
57.1%
1912
56.1%
1743 (Apr. 13)
55.2%
1858 (Oct. 27)
50.7%
1919 (Jan. 6)
49.6%
Aaron Burr
46.6%
Hannibal Hamlin
20.7%
George Clinton
14.7%
Black Hawk War
13.5%
Charles W. Fairbanks
7%

You're not logged in!

Compare scores with friends on all Sporcle quizzes.
Join for Free
OR
Log In

You Might Also Like...

Show Comments

Extras

Top Quizzes Today


Score Distribution

Your Account Isn't Verified!

In order to create a playlist on Sporcle, you need to verify the email address you used during registration. Go to your Sporcle Settings to finish the process.

Report this User

Report this user for behavior that violates our Community Guidelines.

Details: